[Event "4NCL Div 1 2018-19"]
[Site "Daventry"]
[Date "2019.01.12"]
[Round "3"]
[White "Connell, Blair N"]
[Black "Holland, James P"]
[Result "1/2-1/2"]
[WhiteElo "2246"]
[BlackElo "2260"]
[Annotator "NA"]
[PlyCount "37"]
[EventDate "2019.01.12"]
[EventCountry "GBR"]
[SourceTitle "playchess.com"]
[Source "ChessBase"]
[SourceQuality "1"]
[TimeControl "40"]

1. d4 {[%emt 0:00:00]} Nf6 {[%emt 0:00:00]} 2. Nc3 {[%emt 0:00:00]} g6 {[%emt 0:00:00]} 3. Bf4 {[%emt 0:00:00]} c5 {[%emt 0:00:00]} 4. e3 {[%emt 0:00:00]} Bg7 {[%emt 0:00:00]} 5. Qd2 {[%emt 0:00:00]} O-O {[%emt 0:00:00]} 6. dxc5 {[%emt 0:00:00]} Qa5 {[%emt 0:00:00]} 7. Ne4 {[%emt 0:00:00]} Qa4 {[%emt 0:00:00]} 8. Nxf6+ {[%emt 0:00:00]} Bxf6 {[%emt 0:00:00]} 9. c3 {[%emt 0:00:00]} Na6 {[%emt 0:00:00]} 10. Bxa6 {[%emt 0:00:00]} Qxa6 {[%emt 0:00:00]} 11. e4 {[%emt 0:00:00]} b6 {[%emt 0:00:00]} 12. cxb6 {[%emt 0:00:00]} axb6 {[%emt 0:00:00]} 13. e5 {[%emt 0:00:00]} Bg7 {[%emt 0:00:00]} 14. Nf3 {[%emt 0:00:00]} Bb7 {[%emt 0:00:00]} 15. b3 {[%emt 0:00:00]} f6 {[%emt 0:00:00]} 16. Qxd7 {[%emt 0:00:00]} fxe5 {[%emt 0:00:00]} 17. Qe6+ {[%emt 0:00:00]} Kh8 {[%emt 0:00:00]} 18. Bxe5 {[%emt 0:00:00]} Bxf3 {[%emt 0:00:00]} 19. Kd2 {[%emt 0:00:44]} 1/2-1/2

[Event "4NCL Div 1 2018-19"]
[Site "Daventry"]
[Date "2019.01.12"]
[Round "3"]
[White "Head, Louise"]
[Black "Eggleston, David J"]
[Result "0-1"]
[WhiteElo "2237"]
[BlackElo "2408"]
[Annotator "NA"]
[PlyCount "128"]
[EventDate "2019.01.12"]
[EventCountry "GBR"]
[SourceTitle "playchess.com"]
[Source "ChessBase"]
[SourceQuality "1"]
[TimeControl "40"]

1. d4 {[%emt 0:00:00]} Nf6 {[%emt 0:00:00]} 2. c4 {[%emt 0:00:00]} g6 {[%emt 0:00:00]} 3. Nc3 {[%emt 0:00:00]} d5 {[%emt 0:00:00]} 4. cxd5 {[%emt 0:00:00]} Nxd5 {[%emt 0:00:00]} 5. Bd2 {[%emt 0:00:00]} Bg7 {[%emt 0:00:00]} 6. e4 {[%emt 0:00:00]} Nb6 {[%emt 0:00:00]} 7. Be3 {[%emt 0:00:00]} O-O {[%emt 0:00:00]} 8. h3 {[%emt 0:00:00]} Nc6 {[%emt 0:00:00]} 9. d5 {[%emt 0:00:00]} Ne5 {[%emt 0:00:00]} 10. Bd4 {[%emt 0:00:00]} c5 {[%emt 0:00:00]} 11. Bxc5 {[%emt 0:00:00]} Nec4 {[%emt 0:00:00]} 12. Bxc4 {[%emt 0:00:00]} Nxc4 {[%emt 0:00:00]} 13. Nge2 {[%emt 0:00:00]} Nxb2 {[%emt 0:00:00]} 14. Qc2 {[%emt 0:00:00]} Nc4 {[%emt 0:00:00]} 15. Bd4 {[%emt 0:00:00]} e5 {[%emt 0:00:00]} 16. Bc5 {[%emt 0:00:00]} Re8 {[%emt 0:00:00]} 17. Qa4 {[%emt 0:00:00]} Na5 {[%emt 0:00:00]} 18. O-O {[%emt 0:00:00]} b6 {[%emt 0:00:00]} 19. Bb4 {[%emt 0:00:00]} Bd7 20. Qd1 {[%emt 0:00:00]} Nc4 {[%emt 0:00:00]} 21. Qd3 {[%emt 0:00:00]} Rc8 {[%emt 0:00:00]} 22. Nd1 {[%emt 0:00:00]} b5 {[%emt 0:00:00]} 23. Bc3 {[%emt 0:00:00]} a5 {[%emt 0:00:00]} 24. Ne3 {[%emt 0:00:00]} Nd6 {[%emt 0:00:00]} 25. a3 {[%emt 0:00:00]} b4 {[%emt 0:00:00]} 26. Bb2 {[%emt 0:00:00]} Bb5 {[%emt 0:00:00]} 27. Qd1 {[%emt 0:00:00]} Nxe4 {[%emt 0:00:00]} 28. axb4 {[%emt 0:00:00]} axb4 {[%emt 0:00:00]} 29. Re1 {[%emt 0:00:00]} Qf6 {[%emt 0:00:00]} 30. Ng4 {[%emt 0:00:00]} Qb6 {[%emt 0:00:00]} 31. Nc1 {[%emt 0:00:00]} Nc3 {[%emt 0:00:00]} 32. Qd2 {[%emt 0:00:00]} Rcd8 {[%emt 0:00:00]} 33. Ne3 {[%emt 0:00:00]} Qd4 {[%emt 0:00:00]} 34. Bxc3 {[%emt 0:00:00]} bxc3 {[%emt 0:00:00]} 35. Qc2 {[%emt 0:00:00]} e4 {[%emt 0:00:00]} 36. Rd1 {[%emt 0:00:00]} Qc5 {[%emt 0:00:00]} 37. Nb3 {[%emt 0:00:00]} Qb4 {[%emt 0:00:00]} 38. Nc1 {[%emt 0:00:00]} Qb2 {[%emt 0:00:00]} 39. Ra5 Bd7 {[%emt 0:00:00]} 40. Ne2 {[%emt 0:00:00]} Ra8 {[%emt 0:00:00]} 41. Rxa8 {[%emt 0:00:00]} Rxa8 {[%emt 0:00:00]} 42. Rb1 {[%emt 0:00:00]} Ra1 {[%emt 0:00:00]} 43. Rxa1 Qxa1+ {[%emt 0:00:00]} 44. Kh2 {[%emt 0:00:00]} f5 {[%emt 0:00:00]} 45. Qb3 {[%emt 0:00:00]} Be5+ {[%emt 0:00:00]} 46. g3 {[%emt 0:00:00]} Qb2 {[%emt 0:00:00]} 47. Qc4 {[%emt 0:00:00]} Qb5 {[%emt 0:00:00]} 48. Qa2 {[%emt 0:00:00]} Qa4 {[%emt 0:00:00]} 49. Qb1 {[%emt 0:00:00]} Kf7 {[%emt 0:00:00]} 50. Kg2 {[%emt 0:00:00]} g5 {[%emt 0:00:00]} 51. Qc1 {[%emt 0:00:00]} f4 {[%emt 0:00:00]} 52. gxf4 {[%emt 0:00:00]} gxf4 {[%emt 0:00:00]} 53. Nxc3 {[%emt 0:00:00]} Bxc3 {[%emt 0:00:00]} 54. Qxc3 {[%emt 0:00:00]} fxe3 {[%emt 0:00:00]} 55. Qxe3 {[%emt 0:00:00]} Qa6 {[%emt 0:00:00]} 56. f3 {[%emt 0:00:00]} exf3+ {[%emt 0:00:00]} 57. Qxf3+ {[%emt 0:00:00]} Qf6 {[%emt 0:00:00]} 58. Qb3 {[%emt 0:00:00]} Qg5+ {[%emt 0:00:00]} 59. Kf2 {[%emt 0:00:00]} Qf4+ {[%emt 0:00:00]} 60. Kg2 {[%emt 0:00:00]} Bf5 {[%emt 0:00:00]} 61. Qb7+ {[%emt 0:00:00]} Kg6 {[%emt 0:00:00]} 62. Qb6+ {[%emt 0:00:00]} Kh5 {[%emt 0:00:00]} 63. d6 {[%emt 0:00:00]} Be4+ {[%emt 0:00:00]} 64. Kg1 {[%emt 0:00:00]} Qg3+ {[%emt 0:00:00]} 0-1

[Event "4NCL Div 1 2018-19"]
[Site "Daventry"]
[Date "2019.01.12"]
[Round "3"]
[White "Jaracz, Barbara"]
[Black "Ciuksyte, Dagne"]
[Result "0-1"]
[WhiteElo "2230"]
[BlackElo "2303"]
[Annotator "NA"]
[PlyCount "70"]
[EventDate "2019.01.12"]
[EventCountry "GBR"]
[SourceTitle "playchess.com"]
[Source "ChessBase"]
[SourceQuality "1"]
[TimeControl "40"]

1. e4 {[%emt 0:00:00]} c5 {[%emt 0:00:00]} 2. Nf3 {[%emt 0:00:00]} e6 {[%emt 0:00:00]} 3. d4 {[%emt 0:00:00]} cxd4 {[%emt 0:00:00]} 4. Nxd4 {[%emt 0:00:00]} a6 {[%emt 0:00:00]} 5. Bd3 {[%emt 0:00:00]} Nf6 {[%emt 0:00:00]} 6. O-O {[%emt 0:00:00]} d6 {[%emt 0:00:00]} 7. c4 {[%emt 0:00:00]} Be7 {[%emt 0:00:00]} 8. Nc3 {[%emt 0:00:00]} b6 {[%emt 0:00:00]} 9. f4 {[%emt 0:00:00]} Bb7 {[%emt 0:00:00]} 10. Qe2 {[%emt 0:00:00]} O-O {[%emt 0:00:00]} 11. Bd2 {[%emt 0:00:00]} Nbd7 {[%emt 0:00:00]} 12. Kh1 {[%emt 0:00:00]} Qc7 {[%emt 0:00:00]} 13. Rae1 {[%emt 0:00:00]} Rad8 {[%emt 0:00:00]} 14. Nf3 {[%emt 0:00:00]} Nc5 {[%emt 0:00:00]} 15. Bc2 {[%emt 0:00:00]} g6 {[%emt 0:00:00]} 16. Ng5 {[%emt 0:00:00]} Rfe8 {[%emt 0:00:00]} 17. e5 {[%emt 0:00:00]} Nh5 {[%emt 0:00:00]} 18. Nxh7 {[%emt 0:00:00]} Kg7 {[%emt 0:00:00]} 19. f5 {[%emt 0:00:00]} exf5 {[%emt 0:00:00]} 20. Rxf5 {[%emt 0:00:00]} dxe5 {[%emt 0:00:00]} 21. Rxe5 {[%emt 0:00:00]} Ng3+ {[%emt 0:00:00]} 22. hxg3 {[%emt 0:00:00]} Rh8 {[%emt 0:00:00]} 23. Bf4 {[%emt 0:00:00]} Rxh7+ {[%emt 0:00:00]} 24. Kg1 {[%emt 0:00:00]} Bd6 {[%emt 0:00:00]} 25. b4 {[%emt 0:00:00]} Nd7 {[%emt 0:00:00]} 26. Re7 {[%emt 0:00:00]} Bxf4 {[%emt 0:00:00]} 27. Rxf7+ {[%emt 0:00:00]} Kxf7 {[%emt 0:00:00]} 28. Qe7+ {[%emt 0:00:00]} Kg8 {[%emt 0:00:00]} 29. Qe6+ {[%emt 0:00:00]} Kf8 {[%emt 0:00:00]} 30. Rf1 {[%emt 0:00:00]} Rf7 {[%emt 0:00:00]} 31. Bxg6 {[%emt 0:00:00]} Rf6 {[%emt 0:00:00]} 32. Qh3 {[%emt 0:00:03]} Be3+ {[%emt 0:00:00]} 33. Kh2 {[%emt 0:00:00]} Rxf1 {[%emt 0:00:00]} 34. Qh8+ {[%emt 0:00:00]} Ke7 {[%emt 0:00:00]} 35. Qg7+ {[%emt 0:00:00]} Kd6 {[%emt 0:00:00]} 0-1

[Event "4NCL Div 1 2018-19"]
[Site "Daventry"]
[Date "2019.01.12"]
[Round "3"]
[White "Willow, Jonah B"]
[Black "Ansell, Simon T"]
[Result "0-1"]
[WhiteElo "2224"]
[BlackElo "2336"]
[Annotator "NA"]
[PlyCount "132"]
[EventDate "2019.01.12"]
[EventCountry "GBR"]
[SourceTitle "playchess.com"]
[Source "ChessBase"]
[SourceQuality "1"]
[TimeControl "40"]

1. e4 {[%emt 0:00:00]} c5 {[%emt 0:00:00]} 2. Nf3 {[%emt 0:00:00]} Nc6 {[%emt 0:00:00]} 3. d4 {[%emt 0:00:00]} cxd4 {[%emt 0:00:00]} 4. Nxd4 {[%emt 0:00:00]} e5 {[%emt 0:00:00]} 5. Nb5 {[%emt 0:00:00]} d6 {[%emt 0:00:00]} 6. N1c3 {[%emt 0:00:00]} a6 {[%emt 0:00:00]} 7. Na3 {[%emt 0:00:00]} Be6 {[%emt 0:00:00]} 8. Nc4 {[%emt 0:00:00]} b5 {[%emt 0:00:00]} 9. Ne3 {[%emt 0:00:00]} Nf6 {[%emt 0:00:00]} 10. Bd3 {[%emt 0:00:00]} g6 {[%emt 0:00:00]} 11. O-O {[%emt 0:00:00]} Bh6 {[%emt 0:00:00]} 12. Ncd5 {[%emt 0:00:00]} Bxd5 {[%emt 0:00:00]} 13. Nxd5 {[%emt 0:00:00]} Bxc1 {[%emt 0:00:00]} 14. Qxc1 {[%emt 0:00:00]} O-O {[%emt 0:00:00]} 15. a4 {[%emt 0:00:00]} Nxd5 {[%emt 0:00:00]} 16. exd5 {[%emt 0:00:00]} Nb4 {[%emt 0:00:00]} 17. Qd2 {[%emt 0:00:00]} Nxd3 {[%emt 0:00:00]} 18. Qxd3 {[%emt 0:00:00]} Qb6 {[%emt 0:00:00]} 19. axb5 {[%emt 0:00:00]} axb5 {[%emt 0:00:00]} 20. Qc3 {[%emt 0:00:00]} Rac8 {[%emt 0:00:00]} 21. Qb3 {[%emt 0:00:00]} Rc4 {[%emt 0:00:00]} 22. c3 {[%emt 0:00:00]} f5 {[%emt 0:00:00]} 23. Qa3 {[%emt 0:00:00]} Ra4 {[%emt 0:00:00]} 24. Qb3 {[%emt 0:00:00]} Rfa8 {[%emt 0:00:00]} 25. Rxa4 {[%emt 0:00:00]} Rxa4 {[%emt 0:00:00]} 26. Qd1 {[%emt 0:00:00]} Qc5 {[%emt 0:00:00]} 27. Qd2 {[%emt 0:00:00]} Kg7 {[%emt 0:00:00]} 28. Qg5 {[%emt 0:00:00]} Qc7 {[%emt 0:00:00]} 29. Rd1 {[%emt 0:00:00]} h6 {[%emt 0:00:00]} 30. Qe3 {[%emt 0:00:00]} h5 {[%emt 0:00:00]} 31. h3 {[%emt 0:00:00]} f4 {[%emt 0:00:00]} 32. Qe2 {[%emt 0:00:00]} Qc4 {[%emt 0:00:00]} 33. Rd2 {[%emt 0:00:00]} Ra1+ {[%emt 0:00:00]} 34. Kh2 {[%emt 0:00:00]} Qxe2 {[%emt 0:00:00]} 35. Rxe2 {[%emt 0:00:00]} Rd1 {[%emt 0:00:00]} 36. b4 {[%emt 0:00:00]} Rxd5 {[%emt 0:00:00]} 37. Ra2 {[%emt 0:00:00]} e4 {[%emt 0:00:00]} 38. Ra5 {[%emt 0:00:00]} Rd2 {[%emt 0:00:00]} 39. Rxb5 {[%emt 0:00:04]} Rxf2 {[%emt 0:00:00]} 40. Kg1 {[%emt 0:00:02]} Rd2 {[%emt 0:00:00]} 41. Kf1 {[%emt 0:00:00]} e3 {[%emt 0:00:00]} 42. c4 {[%emt 0:00:00]} Rf2+ {[%emt 0:00:00]} 43. Kg1 {[%emt 0:00:00]} Rc2 {[%emt 0:00:00]} 44. Kf1 {[%emt 0:00:00]} Rc1+ {[%emt 0:00:00]} 45. Ke2 {[%emt 0:00:00]} Rg1 {[%emt 0:00:00]} 46. Rg5 {[%emt 0:00:00]} Kf6 {[%emt 0:00:00]} 47. h4 {[%emt 0:00:00]} Rb1 {[%emt 0:00:00]} 48. b5 {[%emt 0:00:00]} Rb2+ {[%emt 0:00:00]} 49. Ke1 {[%emt 0:00:00]} Rb4 {[%emt 0:00:00]} 50. Rd5 {[%emt 0:00:00]} Rxc4 {[%emt 0:00:00]} 51. Rxd6+ {[%emt 0:00:00]} Kf5 {[%emt 0:00:00]} 52. Rd5+ {[%emt 0:00:00]} Ke4 {[%emt 0:00:00]} 53. Rd6 {[%emt 0:00:00]} Rc1+ {[%emt 0:00:00]} 54. Ke2 {[%emt 0:00:00]} Rc2+ {[%emt 0:00:00]} 55. Kf1 {[%emt 0:00:00]} Rf2+ {[%emt 0:00:00]} 56. Kg1 {[%emt 0:00:00]} Rd2 {[%emt 0:00:00]} 57. Re6+ {[%emt 0:00:00]} Kf5 {[%emt 0:00:00]} 58. Re7 {[%emt 0:00:00]} Rb2 {[%emt 0:00:00]} 59. Kf1 {[%emt 0:00:00]} Rxb5 {[%emt 0:00:00]} 60. Rf7+ {[%emt 0:00:00]} Ke5 {[%emt 0:00:00]} 61. Rg7 {[%emt 0:00:00]} Kf6 {[%emt 0:00:00]} 62. Rg8 {[%emt 0:00:00]} Rb1+ {[%emt 0:00:00]} 63. Ke2 {[%emt 0:00:00]} Rg1 {[%emt 0:00:00]} 64. Rf8+ {[%emt 0:00:00]} Ke5 {[%emt 0:00:00]} 65. Re8+ {[%emt 0:00:00]} Kf5 {[%emt 0:00:00]} 66. Rf8+ {[%emt 0:00:00]} Kg4 {[%emt 0:00:00]} 0-1

[Event "4NCL Div 1 2018-19"]
[Site "Daventry"]
[Date "2019.01.12"]
[Round "3"]
[White "Blackburn, Jonathan L B"]
[Black "Wells, Peter K"]
[Result "1/2-1/2"]
[WhiteElo "2208"]
[BlackElo "2405"]
[Annotator "NA"]
[PlyCount "67"]
[EventDate "2019.01.12"]
[EventCountry "GBR"]
[SourceTitle "playchess.com"]
[Source "ChessBase"]
[SourceQuality "1"]
[TimeControl "40"]

1. d4 {[%emt 0:00:00]} Nf6 {[%emt 0:00:00]} 2. c4 {[%emt 0:00:00]} e6 {[%emt 0:00:00]} 3. Nc3 {[%emt 0:00:00]} Bb4 {[%emt 0:00:00]} 4. Nf3 {[%emt 0:00:00]} b6 {[%emt 0:00:00]} 5. Qb3 {[%emt 0:00:00]} c5 {[%emt 0:00:00]} 6. Bg5 {[%emt 0:00:00]} Bb7 {[%emt 0:00:00]} 7. e3 {[%emt 0:00:00]} O-O {[%emt 0:00:00]} 8. Rd1 {[%emt 0:00:00]} cxd4 {[%emt 0:00:00]} 9. exd4 {[%emt 0:00:00]} Bxc3+ {[%emt 0:08:49]} 10. bxc3 {[%emt 0:00:00]} d6 {[%emt 0:00:00]} 11. Be2 {[%emt 0:00:00]} Nbd7 {[%emt 0:00:00]} 12. O-O {[%emt 0:00:00]} Qc7 {[%emt 0:00:00]} 13. h3 {[%emt 0:00:00]} Rac8 {[%emt 0:00:00]} 14. Qa3 {[%emt 0:00:00]} d5 {[%emt 0:00:00]} 15. cxd5 {[%emt 0:00:00]} Bxd5 {[%emt 0:00:00]} 16. c4 {[%emt 0:00:00]} Bxc4 {[%emt 0:00:00]} 17. Bxc4 {[%emt 0:00:00]} Qxc4 {[%emt 0:00:00]} 18. Bxf6 {[%emt 0:00:00]} Nxf6 {[%emt 0:00:00]} 19. Rc1 {[%emt 0:00:00]} Qd5 {[%emt 0:00:00]} 20. Rxc8 {[%emt 0:00:00]} Rxc8 {[%emt 0:00:00]} 21. Qxa7 {[%emt 0:00:00]} Nd7 {[%emt 0:00:00]} 22. a3 {[%emt 0:00:00]} h6 {[%emt 0:00:00]} 23. Ne5 {[%emt 0:00:00]} Nxe5 {[%emt 0:00:00]} 24. dxe5 {[%emt 0:00:00]} b5 {[%emt 0:00:00]} 25. Re1 {[%emt 0:00:00]} Rc2 {[%emt 0:00:00]} 26. Qb8+ {[%emt 0:00:00]} Kh7 {[%emt 0:00:00]} 27. Qd6 {[%emt 0:00:00]} Qxd6 {[%emt 0:00:00]} 28. exd6 {[%emt 0:00:00]} Rd2 {[%emt 0:00:00]} 29. Rb1 {[%emt 0:00:00]} Rxd6 {[%emt 0:00:00]} 30. Rxb5 {[%emt 0:00:00]} Rd1+ {[%emt 0:00:00]} 31. Kh2 {[%emt 0:00:00]} Rd2 {[%emt 0:00:00]} 32. Kg1 {[%emt 0:00:00]} Rd1+ {[%emt 0:00:00]} 33. Kh2 {[%emt 0:00:00]} Rd2 {[%emt 0:00:00]} 34. Kg1 {[%emt 0:00:00]} 1/2-1/2

[Event "4NCL Div 1 2018-19"]
[Site "Daventry"]
[Date "2019.01.12"]
[Round "3"]
[White "Mihalik, Agoston"]
[Black "Weller, Jean-Luc"]
[Result "1/2-1/2"]
[WhiteElo "2206"]
[BlackElo "2268"]
[Annotator "NA"]
[PlyCount "93"]
[EventDate "2019.01.12"]
[EventCountry "GBR"]
[SourceTitle "playchess.com"]
[Source "ChessBase"]
[SourceQuality "1"]
[TimeControl "40"]

1. e4 {[%emt 0:00:00]} e6 {[%emt 0:00:00]} 2. d4 {[%emt 0:00:00]} d5 {[%emt 0:00:00]} 3. Nd2 {[%emt 0:00:00]} Nc6 {[%emt 0:00:00]} 4. Ngf3 {[%emt 0:00:00]} Nf6 {[%emt 0:00:00]} 5. e5 {[%emt 0:00:00]} Nd7 {[%emt 0:00:00]} 6. c4 {[%emt 0:00:00]} Be7 {[%emt 0:00:00]} 7. Bd3 {[%emt 0:00:00]} f6 {[%emt 0:00:00]} 8. O-O {[%emt 0:00:00]} O-O {[%emt 0:00:00]} 9. Re1 {[%emt 0:00:00]} Nb6 {[%emt 0:00:00]} 10. a3 {[%emt 0:00:00]} dxc4 {[%emt 0:00:00]} 11. Nxc4 {[%emt 0:00:00]} f5 {[%emt 0:00:00]} 12. Nxb6 {[%emt 0:00:00]} axb6 {[%emt 0:00:00]} 13. Be3 {[%emt 0:00:00]} g5 {[%emt 0:00:00]} 14. h3 {[%emt 0:00:00]} f4 {[%emt 0:00:00]} 15. Bd2 {[%emt 0:00:00]} Nxd4 {[%emt 0:00:00]} 16. Nxd4 {[%emt 0:00:00]} Qxd4 {[%emt 0:00:00]} 17. Bb4 {[%emt 0:00:00]} Qd7 {[%emt 0:00:00]} 18. Bxh7+ {[%emt 0:00:00]} Kxh7 {[%emt 0:00:00]} 19. Qxd7 {[%emt 0:00:00]} Bxd7 {[%emt 0:00:00]} 20. Bxe7 {[%emt 0:00:00]} Rg8 {[%emt 0:00:00]} 21. Rac1 {[%emt 0:00:00]} Bc6 {[%emt 0:00:00]} 22. f3 {[%emt 0:00:00]} Kg6 {[%emt 0:00:00]} 23. Kf2 {[%emt 0:00:00]} Rg7 {[%emt 0:00:00]} 24. Bf6 {[%emt 0:00:00]} Rh7 {[%emt 0:00:00]} 25. Rc4 {[%emt 0:00:00]} Bd5 {[%emt 0:00:00]} 26. Rcc1 {[%emt 0:00:00]} c5 {[%emt 0:00:00]} 27. Red1 {[%emt 0:00:00]} Rc8 {[%emt 0:00:00]} 28. Rc3 {[%emt 0:00:00]} b5 {[%emt 0:00:00]} 29. Rdc1 {[%emt 0:00:00]} b6 {[%emt 0:00:00]} 30. Rd1 {[%emt 0:00:00]} Ra8 {[%emt 0:00:00]} 31. Rh1 {[%emt 0:00:00]} c4 {[%emt 0:00:00]} 32. Rb1 {[%emt 0:00:00]} Ra4 {[%emt 0:00:00]} 33. Ke2 {[%emt 0:00:00]} Rha7 {[%emt 0:00:00]} 34. Kd2 {[%emt 0:00:01]} b4 {[%emt 0:00:00]} 35. axb4 {[%emt 0:00:00]} Rxb4 {[%emt 0:00:00]} 36. Kc2 {[%emt 0:00:00]} Rba4 {[%emt 0:00:00]} 37. Bd8 {[%emt 0:00:04]} b5 {[%emt 0:00:00]} 38. Ra3 {[%emt 0:00:00]} Rxa3 {[%emt 0:00:08]} 39. bxa3 {[%emt 0:00:00]} Bc6 {[%emt 0:00:00]} 40. Kb2 {[%emt 0:00:01]} Rd7 {[%emt 0:00:00]} 41. Ba5 {[%emt 0:00:00]} Rd3 {[%emt 0:00:00]} 42. Bc3 {[%emt 0:00:00]} Kf7 {[%emt 0:00:00]} 43. Kc2 {[%emt 0:00:00]} Ke8 {[%emt 0:00:00]} 44. Re1 {[%emt 0:00:00]} Kd8 {[%emt 0:00:00]} 45. Re2 {[%emt 0:00:00]} Be8 {[%emt 0:00:00]} 46. Rd2 {[%emt 0:00:00]} Bg6 {[%emt 0:00:00]} 47. Kd1 {[%emt 0:00:00]} 1/2-1/2

[Event "4NCL Div 1 2018-19"]
[Site "Daventry"]
[Date "2019.01.12"]
[Round "3"]
[White "Makkar, Rajat"]
[Black "Stoeri, Laura"]
[Result "0-1"]
[WhiteElo "2173"]
[BlackElo "2113"]
[Annotator "NA"]
[PlyCount "90"]
[EventDate "2019.01.12"]
[EventCountry "GBR"]
[SourceTitle "playchess.com"]
[Source "ChessBase"]
[SourceQuality "1"]
[TimeControl "40"]

1. d4 {[%emt 0:00:00]} Nf6 {[%emt 0:00:00]} 2. c4 {[%emt 0:00:00]} e6 {[%emt 0:00:00]} 3. g3 {[%emt 0:00:00]} Bb4+ {[%emt 0:00:00]} 4. Bd2 {[%emt 0:00:00]} Qe7 {[%emt 0:00:00]} 5. Bg2 {[%emt 0:00:00]} Nc6 {[%emt 0:00:00]} 6. Nf3 {[%emt 0:00:00]} Bxd2+ {[%emt 0:00:00]} 7. Qxd2 {[%emt 0:00:00]} Ne4 {[%emt 0:00:00]} 8. Qc2 {[%emt 0:00:00]} Qb4+ {[%emt 0:00:00]} 9. Nc3 {[%emt 0:00:00]} f5 {[%emt 0:00:00]} 10. Qb3 {[%emt 0:00:00]} b6 {[%emt 0:00:00]} 11. O-O {[%emt 0:00:00]} Ba6 {[%emt 0:00:00]} 12. Ne5 {[%emt 0:00:00]} Qd6 {[%emt 0:00:00]} 13. Nxe4 {[%emt 0:00:00]} fxe4 {[%emt 0:00:00]} 14. Nxc6 {[%emt 0:00:00]} Qxc6 {[%emt 0:00:00]} 15. Rac1 {[%emt 0:00:00]} Bb7 {[%emt 0:00:00]} 16. Rfd1 {[%emt 0:00:00]} O-O {[%emt 0:00:00]} 17. d5 {[%emt 0:00:00]} exd5 {[%emt 0:00:00]} 18. cxd5 {[%emt 0:00:00]} Qf6 {[%emt 0:00:00]} 19. f4 exf3 {[%emt 0:00:00]} 20. Bxf3 {[%emt 0:00:00]} Qd6 {[%emt 0:00:00]} 21. Rxc7 {[%emt 0:00:00]} Ba6 {[%emt 0:00:00]} 22. Rc6 {[%emt 0:00:00]} Qe5 {[%emt 0:00:00]} 23. Rc2 {[%emt 0:00:00]} d6 {[%emt 0:00:00]} 24. Qc3 {[%emt 0:00:00]} Qg5 {[%emt 0:00:00]} 25. Qd2 {[%emt 0:00:00]} Qg6 {[%emt 0:00:00]} 26. b4 {[%emt 0:00:00]} Bb5 {[%emt 0:00:00]} 27. Rdc1 {[%emt 0:00:00]} Rae8 {[%emt 0:00:00]} 28. a4 {[%emt 0:00:00]} Bxa4 {[%emt 0:00:00]} 29. Ra2 {[%emt 0:00:00]} b5 {[%emt 0:00:00]} 30. Ra3 Rc8 {[%emt 0:00:00]} 31. Rc6 {[%emt 0:00:00]} Qf6 {[%emt 0:00:08]} 32. Rac3 {[%emt 0:00:00]} Rce8 {[%emt 0:00:00]} 33. Ra6 {[%emt 0:00:00]} Re7 {[%emt 0:00:00]} 34. Rcc6 {[%emt 0:00:00]} Rd8 {[%emt 0:00:00]} 35. Qf4 {[%emt 0:00:00]} Qa1+ {[%emt 0:00:00]} 36. Kg2 {[%emt 0:00:00]} Rf8 {[%emt 0:00:00]} 37. Qxd6 {[%emt 0:00:00]} Re3 {[%emt 0:00:00]} 38. Qc5 {[%emt 0:00:00]} Qa3 {[%emt 0:00:00]} 39. d6 {[%emt 0:00:00]} Rexf3 {[%emt 0:00:00]} 40. Qd5+ {[%emt 0:00:00]} R3f7 {[%emt 0:00:00]} 41. d7 {[%emt 0:00:00]} Qa1 {[%emt 0:00:00]} 42. Kh3 {[%emt 0:00:00]} Qf1+ {[%emt 0:00:00]} 43. Kh4 {[%emt 0:00:00]} Qxe2 {[%emt 0:00:00]} 44. d8=Q {[%emt 0:00:00]} Qxh2+ {[%emt 0:00:00]} 45. Kg4 {[%emt 0:00:00]} Bd1+ {[%emt 0:00:00]} 0-1

[Event "4NCL Div 1 2018-19"]
[Site "Daventry"]
[Date "2019.01.12"]
[Round "3"]
[White "Manley, Jon P"]
[Black "Hebden, Mark L"]
[Result "1/2-1/2"]
[WhiteElo "2166"]
[BlackElo "2435"]
[Annotator "TA"]
[PlyCount "77"]
[EventDate "2019.01.12"]
[EventCountry "GBR"]
[SourceTitle "playchess.com"]
[Source "ChessBase"]
[SourceQuality "1"]

{[%evp 14,77,-1,0,26,-22,-17,-27,-21,-37,-19,-40,-41,-81,-62,-73,-69,-79,-53,-43,0,-14,-16,-12,21,-13,44,47,40,0,0,0,26,-54,-34,-29,-17,-125,-99,-145,-134,-135,-140,-117,-111,-121,-77,-95,-66,-88,-77,-75,-11,-20,-12,-9,-12,-11,-8,-34,0,0,8,8,8,8]} 1. e4 e5 2. Nf3 Nc6 3. Nc3 Nf6 4. Bb5 Bd6 5. d3 h6 (5... a6 6. Ba4 b5 7. Bb3 Na5 8. d4 exd4 9. Qxd4 O-O 10. Bg5 Be7 11. e5 Ne8 12. Bxe7 Qxe7 13. Nd5 {½-½ (63) Hou,Y (2658)-Ponomariov,R (2686) Shenzhen 2018}) 6. h3 {C48: Four Knights: 4 Bb5, replies other than 4...Bb4} a6 7. Ba4 b5 8. Bb3 {LiveBook: 13 Games} Bc5 9. g4 $146 ({Predecessor:} 9. a4 b4 10. Nd5 Na5 11. Ba2 b3 12. cxb3 Nc6 13. Qc2 {0-1 (36) Esserman,M (2419)-Panchanathan,M (2549) Philadelphia 2010}) 9... d6 10. g5 hxg5 11. Nxg5 Rf8 12. Nd5 Nd4 13. Ne3 c6 14. c3 Nxb3 15. axb3 d5 {[%cal Bd6d5,Bd5d4][%mdl 32]} 16. Qf3 d4 17. Nf5 Bxf5 $1 18. Qxf5 Bd6 19. Nf3 Nd7 (19... g6 $11 20. Qg5 dxc3) 20. cxd4 $14 exd4 21. e5 Bb4+ 22. Bd2 Nc5 23. O-O ({Better is} 23. Bxb4 $11 g6 24. Ba5 Qxa5+ 25. Rxa5 gxf5 26. Ke2) 23... Bxd2 (23... g6 {is more complex.} 24. Qg4 Bxd2 25. Nxd2 Rh8 26. Nf3 Ne6) 24. Nxd2 Qd7 ({Don't play} 24... g6 25. Qf3 $11) 25. Qxd7+ (25. Qf3 $1 $11) 25... Kxd7 $17 26. Nf3 Rh8 ({Much less strong is} 26... Nxb3 27. Ra3 $17) 27. b4 Nxd3 28. Rfd1 Nxb2 (28... Nxb4 {is interesting.} 29. Rxd4+ Nd5 30. Rg4 g6 31. Ng5 Rhf8) 29. Rxd4+ Ke7 30. Kg2 Nc4 31. Re1 a5 32. bxa5 Rxa5 (32... Nxa5 $17 33. e6 fxe6) 33. Rg4 $11 Raa8 34. Nd4 Kd7 35. e6+ fxe6 $1 36. Rxe6 Rh7 (36... g5 $5 {[%cal Rc6c5]} 37. Rge4 Rhf8 $15) 37. Rgg6 {The position is equal.} Ra3 38. Rxc6 {[#] aiming for Rg5.} Raxh3 39. Nxb5 {Accuracy: White = 32%, Black = 38%.} 1/2-1/2